000 01288nam a2200337 a 4500
001 000110399
003 CHAP
005 20220329144130.0
008 140825s2013 mx |sm |||||||spa d
010 _a106861
011 _a107833
040 _cCHAP
090 _aTesis
100 1 _aLópez Islas, Horacio Emanuel
_9127866
245 1 0 _aEfecto del trasporte en la concentración de metabolitos en sangre de ganado bovino
_h[En línea]
_cpor Horacio Emanuel López Islas y Ignacio Hernández Hernández.
260 _aChapingo, Méx. :
_bEl autor,
_c2013.
500 _aPara ver el contenido del material haga clic en la liga
502 _aTesis (Ing. Agr. Esp. en Zootecnia) -- UACH. Departamento de Enseñanza, Investigación y Servicio en Zootecnia
590 _aBATCH-UPD
_b05
_c20141002
_lUCH01
_h0905
590 _aE5652GLJ
_b05
_c20140825
_lUCH01
_h1444
590 _aE5652GLJ
_b05
_c20140825
_lUCH01
_h1447
650 1 4 _aGanado vacuno
_xEstrés.
_9127892
650 1 4 _aGanado vacuno
_xTransporte.
_945521
650 1 4 _aMetabolismo en rumiantes.
_975155
650 1 4 _aMetabolitos.
_975157
700 1 _aHernández Hernández, Ignacio
_9127890
856 _aFinding aid
_uhttp://10.13.5.2/tesis/sist110399.pdf
_zTeclea aquí
901 _aBK
942 _cTESIS
942 _n0
999 _c106861
_d106861